Normal view MARC view
  • Aymes, Carla,

Entry Nombre Personal

Number of records used in: 1

001 - NUMERO DE CONTROL

  • campo de control: 33547

003 - IDENTIFICADOR DE NUMERO DE CONTROL

  • campo de control: UPN

005 - FECHA Y HORA DE LA ÜLTIMA TRANSACCIÓN

  • campo de control: 20210219194443.0

008 - DATOS DE LONGITUD FIJA

  • campo de control de longitud fija: nabaccnnaabn|||||||||| b |nc|||||d

035 ## - NUMERO DE CONTROL

  • Número de control: UPN11000005654

040 ## - FUENTE DE CATALOGACIÓN

  • Lenguaje de catalogación: SPA
  • Agencia de transcripción: UPN

100 1# - ENCABEZAMIENTO - NOMBRE PERSONAL

  • Nombre personal: Aymes, Carla,
  • Fechas asociadas con el nombre: 1973-

670 ## - FUENTE EN LA QUE SE LOCALIZARON DATOS

  • Cita de la fuente: T
  • Uniform Resource Identifier: http://books.google.com.mx/books?id=Pq-aCkoEj2QC&pg=PA41&lpg=PA41&dq=Aymes,+Carla,1973-&source=bl&ots=WEMgm4YHfh&sig=lMxIYbZmUdpfIbL9xlsx5D08r_M&hl=es-419&sa=X&ei=_HuSUfSHKvGn0AG-rID4DA&ved=0CC8Q6AEwAQ#v=onepage&q=Aymes%2C%20Carla%2C1973-&f=false

680 ## - NOTA PUBLICA DE ACCESO PÚBLICO

  • Frase explicativa de la referencia: Historiadora y escritora mexicana

902 ## - CATALOGADOR

  • Catalogador: CAA/140513